Relación entre estructura y propiedades reológicas de mezclas de polietileno y polipropileno /
Guardado en:
| Otros Autores: | |
|---|---|
| Formato: | Manuscrito |
| Idioma: | Spanish |
| Publicado: |
2004.
|
| Materias: | |
| Etiquetas: |
Agregar Etiqueta
Sin Etiquetas, Sea el primero en etiquetar este registro!
|
| LEADER | 01076ntm a22002535a 4500 | ||
|---|---|---|---|
| 001 | EIQ.libpla003982 | ||
| 008 | 080422s2004####at#a#####bm###000#0#spa#d | ||
| 005 | 20080422174207.0 | ||
| 245 | 1 | 0 | |a Relación entre estructura y propiedades reológicas de mezclas de polietileno y polipropileno / |c Jorge Ariel Rodriguez Fris. |
| 260 | |c 2004. | ||
| 300 | |a viii, 77 p. : |b il., tablas, figuras ; |c 21 cm. | ||
| 502 | |a Tesis (M.A.)--Universidad Nacional del Sur. Departamento de Ingeniería Química, 2004. | ||
| 500 | |a Director de tesis: Dr. Lidia María Quinzani, Marcelo Failla. | ||
| 504 | |a Incluye referencias bibliográficas. | ||
| 100 | 1 | |a Rodriguez Fris, Jorge Ariel. |4 dis | |
| 710 | 2 | |a Universidad Nacional del Sur. |b Departamento de Ingeniería Química |4 dgg. | |
| 650 | 4 | |a Polímeros |x Tesis. | |
| 650 | 4 | |a Polímeros |x Polipropileno. | |
| 650 | 4 | |a Polímeros |x Polietileno. | |
| 650 | 4 | |a Polymers |x Thesis. | |
| 650 | 4 | |a Polymers |x Polyethylene. | |
| 650 | 4 | |a Polymers |x Polypropylene. | |
| 040 | |a AR-BbSID |b spa |c AR-BbSID | ||
| 859 | |a AR-BbSID |b BIB. PLAPIQUI |h 668.423 4 |i R 618 |p 5767 | ||
